[Event "POL-chT 2nd League South"]
[Site "Wisla"]
[Date "1998.??.??"]
[Round "?"]
[White "Dawidow, Jacek"]
[Black "Pisarek, Aleksander"]
[Result "1-0"]
[WhiteElo "2375"]
[BlackElo "2235"]
[PlyCount "91"]
[EventDate "1998.11.20"]
[EventType "team-swiss"]
[EventRounds "10"]
[EventCountry "POL"]
[SourceTitle "EXT 2000"]
[Source "ChessBase"]
[SourceDate "1999.11.16"]
[SourceVersion "1"]
[SourceVersionDate "1999.11.16"]
[SourceQuality "1"]

1. d4 Nf6 2. c4 c5 3. d5 g6 4. Nc3 d6 5. e4 Bg7 6. Nge2 0-0 7. Ng3 Na6 8. Be2 Nc7 9. 0-0 h5 10. h3 a6 11. a4 b6 12. f4 Rb8 13. Bd3 e5 14. dxe6 fxe6 15. e5 dxe5 16. Bxg6 Qd4+ 17. Kh1 h4 18. Nge2 Qxd1 19. Rxd1 Nd7 20. Be4 exf4 21. Bxf4 e5 22. Bg5 Ne6 23. Be7 Rf2 24. Bxh4 Rf7 25. Bg6 Rf8 26. Be7 Rf2 27. Kg1 Nf4 28. Kxf2 Nxg6 29. Bg5 Ngf8 30. Rd6 Nh7 31. Bh4 Bf8 32. Rd3 Ndf6 33. Rd8 Kf7 34. Nd5 Ne4+ 35. Ke3 Nd6 36. Rf1+ Kg7 37. b3 Nf7 38. Re8 b5 39. axb5 axb5 40. Be7 bxc4 41. bxc4 Rb3+ 42. Nec3 Bb7 43. Bxf8+ Nxf8 44. Re7 Bxd5 45. cxd5 Rxc3+ 46. Kd2 1-0